Ekonomika môže naraziť na strop

Prehrievanie slovenskej ekonomiky v r. 2018 a rekordne nízka nezamestnanost budú tlačiť na rast miezd a na produktivitu práce. Návrat inflácie. Pokračovanie príchodu investícií na Slovensko. Prehrievanie ekonomiky aj v eurozóne. V USA sa očakáva rýchlejšie rastúca ekonomika ako v EÚ. Deficitný rozpo...

ver descrição completa

Na minha lista:
Detalhes bibliográficos
Autor principal: Lehuta, Michal
Formato: Capítulo de Livro
Idioma:eslovaco
Assuntos:
Tags: Adicionar Tag
Sem tags, seja o primeiro a adicionar uma tag!

MARC

LEADER 00000naa a2200000 4500
001 0238668
005 20221104112556.8
041 0 |a slo 
044 |a SK 
245 1 0 |a Ekonomika môže naraziť na strop  |c Michal Lehuta 
520 |a Prehrievanie slovenskej ekonomiky v r. 2018 a rekordne nízka nezamestnanost budú tlačiť na rast miezd a na produktivitu práce. Návrat inflácie. Pokračovanie príchodu investícií na Slovensko. Prehrievanie ekonomiky aj v eurozóne. V USA sa očakáva rýchlejšie rastúca ekonomika ako v EÚ. Deficitný rozpočet naďalej v eurozóne aj v USA. 
610 2 0 |a dopyt trhový 
610 2 0 |a potenciál ekonomický 
610 2 0 |a produktivita práce 
610 2 0 |a inflácia 
610 2 0 |a prognózy hospodárske 
610 2 0 |a Slovensko 
610 2 0 |a eurozóna 
610 2 0 |a USA 
610 2 0 |a deficit rozpočtový 
100 1 |a Lehuta, Michal